Volver a jugar en el Jardín: Una visión de educación infantil natural personalizada
Guardado en:
| Autor principal: | |
|---|---|
| Formato: | Libro |
| Lenguaje: | español |
| Publicado: |
Rosario
Homo Sapiens
2008
|
| Edición: | 1a. ed |
| Materias: | |
| Etiquetas: |
Agregar Etiqueta
Sin Etiquetas, Sea el primero en etiquetar este registro!
|
MARC
| LEADER | 00000nam a2200000 a 4500 | ||
|---|---|---|---|
| 001 | UCH2632 | ||
| 003 | CL-VaPUC | ||
| 008 | 090618e20080300AG |||||||||||||||||spa|d | ||
| 020 | |a 9789508085498 | ||
| 082 | 0 | 4 | |a 372.21 |b ULL |2 21 |
| 100 | 0 | |a Ullúa, Jorge |e author |9 537595 | |
| 245 | 1 | 0 | |a Volver a jugar en el Jardín: Una visión de educación infantil natural personalizada |
| 250 | |a 1a. ed | ||
| 300 | |a 118 p | ||
| 942 | |c BK | ||
| 945 | |d 20090618 00:00:00 |a dcastane | ||
| 260 | |a Rosario |b Homo Sapiens |c 2008 | ||
| 650 | 0 | |a Jardines infantiles |9 307427 | |
| 650 | 0 | |a Educación preescolar |9 260381 | |
| 650 | 0 | |a Juegos |9 243060 | |
| 583 | |a last modification |c 20090618 00:00:00 |k Rodrigo Vera | ||
| 999 | |c 334354 |d 334352 | ||
| 952 | |0 0 |1 0 |4 0 |6 372_210000000000000_ULL_2008 |7 0 |8 A |9 423331 |a BIBEDU |b BIBEDU |d 2019-11-22 |i 4563581 |o 372.21 ULL 2008 |p 4563581 |r 2019-11-22 |w 2019-11-22 |y BK |k PAR | ||